ბათუმის შოთა რუსთაველის სახელმწიფო უნივერსიტეტის ბიბლიოთეკა

Микробиология : (ბიბ.ჩანაწერი № 56580)

000 -ლიდერი
ფიქსირებული სიგრძის საკონტროლო ველი 01054nam a2200289Ia 4500
001 - საკონტროლო ნომერი
საკონტროლო ველი 23694
003 - საკონტროლო ნომრის იდენტიფიკატორი
საკონტროლო ველი GE_BSU
005 - ბოლო ოპერაციის თარიღი და დრო
საკონტროლო ველი 20260325162055.0
008 - ფიქსირებული სიგრძის მონაცემთა ელემენტები - ზოგადი ინფორმაცია
ფიქსირებული სიგრძის საკონტროლო ველი 181216s2012||||ge |||||||||||||| ||geo||
020 ## - წიგნის საერთაშორისო სტანდარტული ნომერი
International Standard Book Number 9785991619844
040 ## - კატალოგიზაციის წყარო
Transcribing agency GE_BSU
041 ## - ენის კოდი
Language code of text/sound track or separate title geo
080 ## - უნივერსალური ათობითი კლასიფიკაციის ინდექსი
Universal Decimal Classification number 579(075.8) Е-60
100 ## - მთავარი ჩანაწერი - პიროვნების სახელი
Personal name Емцев, В.Т.
9 (RLIN) 27207
245 ## - ცნობა სათაურის შესახებ
Title Микробиология :
Remainder of title Учебник для бакалавров /
Statement of responsibility, etc Емцев,В.Т., Мишустин,Е.Н. ; Ред.:Н.Л.Красинская, Н.Н.Коломилова.
250 ## - გამოცემის ცნობა
Edition statement 8-е издание
264 ## - წარმოების, გამოცემის, დისტრიბუციის და სხვა ცნობები
გამოცემის, წარმოების, დისტრიბუციის... ადგილი Москва :
გამოცემის, წარმოების, დისტრიბუციის... სახელწოდება Юрайт,
გამოცემის, წარმოების, დისტრიბუციის... თარიღი 2012.
300 ## - ფიზიკური აღწერა
Extent 445 стр.
Other physical details илл. ;
Dimensions 22 см.
504 ## - BIBLIOGRAPHY, ETC. NOTE
Bibliography, etc Библиогр. стр. 427
653 ## - INDEX TERM--UNCONTROLLED
Uncontrolled term Микробиология
653 ## - INDEX TERM--UNCONTROLLED
Uncontrolled term მიკრობიოლოგია
700 ## - ADDED ENTRY--PERSONAL NAME
Personal name Мишустин,Е.Н.
Relator term Автор
9 (RLIN) 27208
700 ## - ADDED ENTRY--PERSONAL NAME
Dates associated with a name Красинская, Н.Л.
Relator term Редактор
9 (RLIN) 27209
700 ## - ADDED ENTRY--PERSONAL NAME
Personal name Коломилова, Н.Н.
Relator term Редактор
9 (RLIN) 27210
942 ## - ADDED ENTRY ELEMENTS (KOHA)
Koha item type წიგნი
Source of classification or shelving scheme
ეგზემპლარები
ჩამოწერის სტატუსი დაკარგული ეგზემპლარის სტატუსი კლასიფიკაციის წყარო ან თაროზე გაწყობის სქემა დაზიანების სტატუსი არ გაიცემა მუდმივი მდებარეობა (დაცვის ადგილი) ამჟამინდელი ადგილსამყოფელი თაროზე განთავსების ადგილი შეძენის თარიღი ღირებულება, შესყიდვის ნორმალური ფასი სრული შენახვის შიფრი შტრიხკოდი ბოლო ოპერაციის თარიღი ეგზემპლარის მიმდევრობითი ნომერი (კეტერი?) ფასის ძალაში შესვლის თარიღი ეგზემპლარის სახეობა საჯარო შენიშვნა
          ბათუმის შოთა რუსთაველის სახელმწიფო უნივერსიტეტის მთავარი ბიბლიოთეკა ბათუმის შოთა რუსთაველის სახელმწიფო უნივერსიტეტის მთავარი ბიბლიოთეკა წიგნსაცავი 2018-12-17 36.00 579(075.8) Е-60 28522 2018-12-17 28522 2018-12-17 წიგნი 36.00 ₾.